| 000 | 00415nam a2200181Ia 4500 | ||
|---|---|---|---|
| 005 | 20250423100254.0 | ||
| 008 | 250422s9999 xx 000 0 und d | ||
| 020 | _a0-312-35207-7 | ||
| 050 | _aPS3615.N48M87 | ||
| 100 | _aVincent H. O'Neil | ||
| 245 | 0 | _aMurder in Exile | |
| 260 | _aNew York | ||
| 260 | _bSt. Martin's Minotaur | ||
| 260 | _c2006 | ||
| 300 | _a195 p | ||
| 650 | _aLiterature | ||
| 942 | _cBK | ||
| 999 |
_c32799 _d32799 |
||